Plants and the daylight spectrum. (Record no. 36760)

MARC details
000 -LEADER
fixed length control field 00468nam a2200145Ia 4500
082 ## - DEWEY DECIMAL CLASSIFICATION NUMBER
Classification number 581.1+535.665.2(06)
Item number SMI
245 #0 - TITLE STATEMENT
Title Plants and the daylight spectrum.
260 ## - PUBLICATION, DISTRIBUTION, ETC. (IMPRINT)
Place of publication London
Name of publisher Academic
Year of publication 1981
505 ## - FORMATTED CONTENTS NOTE
Formatted contents note Proceedings of the first international symposium of the British Photobiology society, Leicester, 5-8 January 1981
650 ## - SUBJECT ADDED ENTRY--TOPICAL TERM
Topical Term Daylight
650 ## - SUBJECT ADDED ENTRY--TOPICAL TERM
Topical Term Remote sensing
700 ## - ADDED ENTRY--PERSONAL NAME
Personal name SMITH, H
942 ## - ADDED ENTRY ELEMENTS (KOHA)
Koha item type Books
Holdings
Withdrawn status Lost status Damaged status Not for loan Home library Current library Date acquired Full call number Accession Number Koha item type
        RRII Library RRII Library 16/12/2021 581.1+535.665.2(06) SMI 17161 Books